000 00532nam a2200193Ia 4500
005 20250508162249.0
008 008 250505s9999 xx 000 0 eng d
020 _a0-7099-0211-5
037 _aTextual
040 _aFEDL
_beng
_cFEDL
041 _aeng
_2eng
084 _a401.9, IWA
_qFEDL
100 _aIwamura Susan Grohs
_9772684
245 0 _aVerbal games of pre-school children
260 _aLondon, UK
_bCroom Helm Ltd
_c1980
300 _a237p.
942 _cTEXL
_h401.9, IWA
999 _c1375453
_d1375453